La province de Normandie de A à Z - Statistiques

Statistiques générales
  • Ce quiz a été pris 18 fois
  • Le résultat moyen est 6 sur 26
Statistiques - réponses
Lettre Question Réponse % Correct
G Ce seigneur de Normandie s'empare de l'Angleterre en 1066 Guillaume
83%
C Prénom du roi de France qui cède la Normandie en 911. (prénom et chiffre) Charles III
67%
D La Normandie en a été un de 1010 à 1469 Duché
67%
V La Normandie a été donnée par le roi de France à ces envahisseurs Vikings
61%
W Guillaume de Normandie y est sacré roi d'Angleterre. Abbaye de... Westminster
56%
P Roi qui confisque la Normandie aux rois d'Angleterre en 1204 Philippe II | Philippe Auguste
50%
Y Capitale du Pays de Caux Yvetot
50%
R Le 1er à diriger la Normandie est ce Danois Rollon
44%
N Langue parlé par les envahisseurs installés en Normandie, le vieux norrois
33%
E Rivière qui forme la frontière entre la France et la Normandie près de laquelle est signé le traité cédant la Normandie Epte
22%
M Site d'une bataille près de Rouen vers 934. Le Mont aux... Malades
22%
A Région bretonne remise aux Normands en 933 Avranchin
17%
Q Commune dans laquelle se situait le dernier bac sur la Seine avant l'estuaire Quillebeuf
17%
B Habitants gaulois du Bessin Bajocasse
6%
Z Un S est à remplacer par un Z pour passer de la ville au diocèse... Quelle est l'orthographe du diocèse ? Séez
6%
S Surnom du roi de France qui cède la Normandie en 911. Le.. Simple
6%
K Officier de marine et conventionnel natif du Havre guillotiné en 1793 (prénom et nom) Armand de Kersaint
0%
F Chef normand païen qui ravage la Bretagne au Xe siècle Felekan | Flestali
0%
J Chroniqueur normand du XIe siècle (prénom et nom) Guillaume de Jumièges
0%
H La capitale de cette région normande est Exmes Hiémois
0%
I Sa défaite face aux Normands donne le Cotentin breton à ses adversaires Incon
0%
L Archéologue ayant pour spécialité la Normandie médiévale (prénom et nom) Jacques Le Maho
0%
O Dans la forêt de Grimbosq subsistent les restes de ce château de terre et de bois Olivet
0%
T Une paire de fibules de cette forme, typiques du monde nordique a été trouvée à Pîtres Tortue
0%
U S'y trouve l'unique nécropole polonaise de la 2e Guerre mondiale en France Urville
0%
X Auteur d'un dictionnaire français-latin, religieux, natif de Rouen en 1729 (prénom et nom) Xavier-Félix Lallemant
0%
Aucun quiz correspondant
Distribution des résultats
% des personnes avec chaque résultat
Percentile par nombre de réponses
Votre historique - résultats
Vous n’avez pas pris ce quiz